Estatísticas para Animais do Jogo do Bicho

Clique aqui para jogar o quiz

Estatísticas Gerais

  • Esse quiz foi jogado 275 vezes
  • A pontuação média é 14 de 25

Estatísticas das Respostas

HintResposta% Correto
14Gato
92%
5Cachorro
91%
16Leão
86%
25Vaca
77%
24Veado
73%
9Cobra
72%
17Macaco
71%
22Tigre
71%
12Elefante
70%
11Cavalo
69%
1Avestruz
59%
13Galo
59%
15Jacaré
56%
18Porco
54%
23Urso
52%
10Coelho
50%
4Borboleta
47%
2Águia
46%
6Cabra
46%
3Burro
43%
8Camelo
39%
21Touro
36%
19Pavão
31%
7Carneiro
29%
20Peru
23%

Distribuição das Pontuações

Percentil de Números Respondidos

Porcentagem de Pessoas com Cada Pontuação

Sua Pontuação Histórica

Você não jogou esse quiz